Szczegóły MARC21

Rachunek ekonomiczny w przedsiębiorstwie transportu samochodowego /

003 -Nazwa inst., której nr kontr. jest w polu 001 [,]
    • @
    • Nazwa instytucji, której n kontrolny jest w polu 001
    • NUKAT
005 -DATA I CZAS OSTATNIEJ MODYFIKACJI [,]
    • @
    • pole kontrolne
    • 20241231111758.0
040 -Instytucja sporządzająca opis [ , ]
    • a
    • Instytucja, która sporządziła opis (NP)
    • TOR U/UD
    • c
    • Instytucja, która sporządziła rekord (NP)
    • TOR U/DA
    • d
    • Instytucja, która zmodyfikowała rekord (P)
    • TOR U/DA
942 -Rodzaj dokumentu [ , ]
    • c
    • Rodzaj dokumentu
    • Książka
100 -Hasło główne - nazwa osobowa [1, ]
    • a
    • Nazwa osobowa (NP)
    • Bronk, Hubert.
    • 9
    • KHW
    • 11447
245 -Strefa tytułu i oznaczenia odpowiedzialności [1,0]
    • a
    • Tytuł
    • Rachunek ekonomiczny w przedsiębiorstwie transportu samochodowego / Find
    • c
    • Pozostałe elementy strefy tytułu i oznaczenia odpowiedzialności (NP)
    • Hubert Bronk ; Politechnika Szczecińska.
260 -Strefa adresu wydawniczego [ , ]
    • a
    • Miejsce wydania (P)
    • Szczecin :
    • b
    • Nazwa wydawcy (P)
    • Wydawnictwo Uczelniane Politechniki Szczecińskiej,
    • c
    • Data wydania (P)
    • 1985.
300 -Strefa opisu fizycznego [ , ]
    • a
    • Określenie formy książki i/lub objętość (NP)
    • 94 s. ;
    • c
    • Format (NP)
    • 24 cm.
336 -Typ zawartości [ , ]
    • a
    • Termin opisujący typ zawartości
    • Tekst
    • b
    • Kod określający zawartość
    • txt
    • 2
    • Źródło (terminu i kodu)
    • rdacontent
337 -Typ mediów [ , ]
    • a
    • Tryb odtwarzania
    • Bez urządzenia pośredniczącego
    • b
    • Kod typu mediów
    • n
    • 2
    • Źródło (terminu i kodu)
    • rdamedia
338 -Typ/rodzaj nośnika [ , ]
    • a
    • Hasło opisujące typ nośnika
    • Wolumin
    • b
    • Kod typu nośnika
    • nc
    • 2
    • Źródło (terminu i kodu)
    • rdacarrier
080 -Uniwersalna Klasyfikacja Dziesiętna [ , ]
    • a
    • Symbol klasyfikacji
    • 658.15
    • 9
    • UKD
    • 5622
    • 2
    • Identyfikator wydania tablic
    • UDC-P058
    • b
    • Dopowiedzenie
    • Zarządzanie finansami przedsiębiorstwa.
980 -Symbol UKD [ , ]
    • a
    • UKD
    • 658.15
710 -Hasło dodatkowe - nazwa ciała zbiorowego [2, ]
    • a
    • Nazwa ciała zbiorowego lub nazwa geograficzna jako pierwszy element (NP)
    • Politechnika Szczecińska.
    • b
    • Nazwa jednostki podrzędnej (P)
    • Wydawnictwo Uczelniane.
    • 4
    • Kod relacji
    • pbl
    • 9
    • KHW
    • 77162
Numer inwentarzowy Status udost. Data inwentaryzacji Lokalizacja
S.5791321997-01-01BE
S.5791421997-01-01BE
S.5791521997-01-01BE
S.5791821997-01-01BE
S.5791921997-01-01BE
S.5792021997-01-01BE
S.5792121997-01-01BE
S.5792221997-01-01BE
S.5792321997-01-01BE
S.5792421997-01-01BE
S.5792521997-01-01BE
S.5792621997-01-01BE
S.5792721997-01-01BE
S.5792821997-01-01BE
S.5792921997-01-01BE
S.5793021997-01-01BE
S.5793121997-01-01BE
S.5793221997-01-01BE
S.5793321997-01-01BE
S.5793421997-01-01BE
S.5793521997-01-01BE
S.5793621997-01-01BE
S.5793721997-01-01BE
S.5793821997-01-01BE
S.5793921997-01-01BE
S.5794021997-01-01BE
S.5794121997-01-01BE
S.5794221997-01-01BE
S.5794321997-01-01BE
S.5794421997-01-01BE
S.5794521997-01-01BE
S.5794621997-01-01BE
S.5794721997-01-01BE
S.5794821997-01-01BE
S.5794921997-01-01BE
S.5795021997-01-01BE
S.5795121997-01-01BE
S.5795221997-01-01BE
S.62663-31997-01-01BE
S.6269521997-01-01BE
S.6437621997-01-01BE
S.6437721997-01-01BE
S.6437821997-01-01BE
S.6437921997-01-01BE
S.6438021997-01-01BE
S.6438121997-01-01BE
S.6438221997-01-01BE
S.6438321997-01-01BE
S.6438421997-01-01BE
S.6438521997-01-01BE
E.5589321997-01-01BE
S.7196421997-01-01BE
S.5407221997-01-01BE
TS.57917-31997-01-01T
TS.57916-31997-01-01T